[Event "GER Seniors Derby 02nd"]
[Site "Wesel/Heidelust"]
[Date "2003.03.14"]
[Round "4"]
[White "Rudolph, Peter1111"]
[Black "Walther, Gunter"]
[Result "1/2-1/2"]
[WhiteElo "1156"]
[BlackElo "1529"]
[PlyCount "100"]
[EventDate "2003.03.13"]
[EventType "swiss"]
[EventRounds "7"]
[EventCountry "GER"]
[SourceTitle "EXT 2006"]
[Source "ChessBase"]
[SourceDate "2005.11.24"]
[SourceVersion "1"]
[SourceVersionDate "2005.11.24"]
[SourceQuality "1"]

1. e4 e5 2. Nf3 Nc6 3. Bc4 Bc5 4. d3 Nf6 5. Bg5 h6 6. Bh4 d6 7. Nc3 Na5 8. Nd5 Nxc4 9. dxc4 g5 10. Bg3 Nxe4 11. Qe2 Nxg3 12. hxg3 c6 13. Nc3 Qe7 14. 0-0-0 Bf5 15. Nd2 0-0-0 16. g4 Be6 17. Nde4 Bd4 18. f3 Qc7 19. g3 Qb6 20. f4 gxf4 21. gxf4 Be3+ 22. Kb1 Bd4 23. f5 Bd7 24. Nxd6+ Kb8 25. Nxf7 Bxc3 26. b3 Qa5 27. Rh3 Bd4 28. Rhd3 Rhe8 29. Nxd8 Rxd8 30. Qh2 c5 31. Qxh6 Bc6 32. Qg5 e4 33. Rxd4 cxd4 34. Qf4+ Kc8 35. f6 Qc5 36. g5 Qf8 37. Qf5+ Kc7 38. Qa5+ Kb8 39. Qe5+ Kc8 40. Rxd4 Rxd4 41. Qxd4 Qe8 42. Qxa7 e3 43. f7 Qxf7 44. Qxe3 Qg6 45. Qc5 Kb8 46. a4 Be4 47. Qe5+ Kc8 48. Qc5+ Kb8 49. Qf8+ Ka7 50. Qc5+ Kb8 1/2-1/2

[Event "GER Seniors Derby 02nd"]
[Site "Wesel/Heidelust"]
[Date "2003.03.14"]
[Round "3"]
[White "Walther, Gunter"]
[Black "Abend, Volker"]
[Result "1-0"]
[WhiteElo "1529"]
[BlackElo "1376"]
[PlyCount "65"]
[EventDate "2003.03.13"]
[EventType "swiss"]
[EventRounds "7"]
[EventCountry "GER"]
[SourceTitle "EXT 2006"]
[Source "ChessBase"]
[SourceDate "2005.11.24"]
[SourceVersion "1"]
[SourceVersionDate "2005.11.24"]
[SourceQuality "1"]

1. d4 c6 2. c4 d5 3. e3 Nf6 4. Nc3 Bf5 5. Nf3 Nbd7 6. Be2 e6 7. c5 b6 8. b4 b5 9. 0-0 a5 10. Ba3 a4 11. h3 Qc7 12. Nh4 g6 13. Nxf5 gxf5 14. f4 Bh6 15. Bxb5 cxb5 16. Nxb5 Qb8 17. Nd6+ Ke7 18. Rb1 Rg8 19. b5 Rg6 20. c6 Qg8 21. Rb2 Nb6 22. Nc4+ Kd8 23. Nxb6 Rb8 24. Bc5 a3 25. Rc2 Kc7 26. Qe1 Ne4 27. Qa5 Nxc5 28. Nd7+ Kd6 29. dxc5+ Ke7 30. Nxb8 Qxb8 31. c7 Qc8 32. b6 Rg8 33. c6 1-0